| 000 | 00689nam a22002537a 4500 | ||
|---|---|---|---|
| 003 | OSt | ||
| 005 | 20140310181733.0 | ||
| 008 | 130318t xxu||||| |||| 00| 0 eng d | ||
| 050 |
_aQA 135 _b.P952 2000 |
||
| 082 |
_aQA135 _bP93 2000 4B |
||
| 245 |
_aPrimary mathematics 4b _cPrimary mathematics project team |
||
| 250 | _a3rd ed. | ||
| 260 |
_aSimgapore: _bTimes Media Private Ltd., _cc2000. |
||
| 300 |
_a1004p., _bill.:col., _c26 cm. |
||
| 521 | _aTeacher | ||
| 541 | _j1 | ||
| 541 | _j2 | ||
| 541 | _j3 | ||
| 541 | _j4 | ||
| 541 | _j5 | ||
| 562 | _e5 | ||
| 650 |
_a Mathematics (Primary). _92222 |
||
| 942 |
_2lcc _cBK-TR _e3rd ed. _kTRM |
||
| 999 |
_c2468 _d2468 |
||